| 000 | 005980000a22001810004500 | ||
|---|---|---|---|
| 003 | MACL | ||
| 005 | 20160421132603.0 | ||
| 008 | 160421b xxu||||| |||| 00| 0 eng d | ||
| 040 |
_aMACL _cMACL |
||
| 041 | _aHindi | ||
| 082 | _a700 | ||
| 100 |
_aमलैया सुधा _948094 |
||
| 245 |
_aचाक्षुष यज्ञ _bप्राचीन भारतीय कला में नृत्य एवं संगीता |
||
| 260 |
_bवसुधा प्रकाशन _c1997 _aभौपाल |
||
| 350 | _a2000 | ||
| 650 |
_aArts _953102 |
||
| 942 |
_cHIN _k700 _2ddc |
||
| 999 |
_c10251 _d10251 |
||